00894nam a2200181Ia 4500952011300000999001700113008004100130050002400171100003800195245021300233260003100446300001800477519000900495700004700504710008700551710006400638942001000702 00104070a22b22d2012-06-14l13oT BF335 B6121 2012p11 009605r2019-02-25s2019-02-25t1w2012-06-26yLB c73037d73037120626s2012 mx 000 0 spa d aT BF335bB6121 2012 aBlas Pulido, Ceciliaesustentante aTécnicas de relajación para el control del estrés en el adolescente c/ tesis que para obtener el título de licenciada en Psicología, Cecilia, Blas Pulido ; asesor Miguel Ángel Medina Gutiérrez aMéxico b: s/ed.c, 2012 a111 páginas a d  aMedina Gutiérrez, Miguel Ángeleasesor2 aUniversidad Nacional Autónoma de Méxicoe institución que otorga el título2 aUniversidad Insurgentes, Plantel Xolaeentidad participante cTESIS